[Event "European Youth Chess Championship B16"]
[Site "Prague, Top Hotel Prague"]
[Date "2016.08.19"]
[Round "2.43"]
[White "Kadianis, Georgios"]
[Black "Aubrecht, Petr"]
[Result "1/2-1/2"]
[WhiteElo "2169"]
[BlackElo "1959"]
[PlyCount "73"]
[EventDate "2016.08.18"]

1. e4 d6 2. d4 Nf6 3. Nc3 c6 4. f3 Qc7 5. Be3 e5 6. Qd2 Be7 7. O-O-O Nbd7 8. g4
Nb6 9. Qf2 h6 10. h4 Be6 11. dxe5 dxe5 12. Nh3 Nfd7 13. Rg1 Nc4 14. Bxc4 Bxc4
15. Kb1 f6 16. Ne2 b6 17. Ng3 g5 18. Nf5 Bf8 19. Rh1 Be6 20. hxg5 Bxf5 21. exf5
hxg5 22. Nxg5 Rxh1 23. Rxh1 fxg5 24. Bxg5 Qd6 25. Qh4 Bg7 26. Qh7 Kf8 27. Bc1
Nf6 28. Qg6 Ne8 29. Qh7 Nf6 30. Qh4 Kf7 31. g5 Rh8 32. Qe1 Rxh1 33. Qxh1 Nd5
34. Qh5+ Kf8 35. f6 Nxf6 36. gxf6 Qxf6 37. Qg4 1/2-1/2

[Event "European Youth Chess Championship B16"]
[Site "Prague, Top Hotel Prague"]
[Date "2016.08.19"]
[Round "2.44"]
[White "Todorov, Kaloyan"]
[Black "Slovak, Kilian"]
[Result "0-1"]
[WhiteElo "1918"]
[BlackElo "2142"]
[PlyCount "140"]
[EventDate "2016.08.18"]

1. e4 c5 2. Nf3 Nc6 3. Bb5 g6 4. O-O Bg7 5. Re1 Nf6 6. e5 Nd5 7. Bxc6 dxc6 8.
h3 O-O 9. d3 f6 10. Qe2 Bd7 11. c3 Qc7 12. c4 Nb4 13. a3 Na6 14. Bf4 Qa5 15.
Nc3 Rad8 16. d4 cxd4 17. b4 Qc7 18. Nxd4 fxe5 19. Bxe5 Bxe5 20. Qxe5 Rf7 21.
Rad1 Rdf8 22. f3 Qxe5 23. Rxe5 Bc8 24. Rde1 Rd8 25. Nb3 Rd3 26. R1e3 Rxe3 27.
Rxe3 Kf8 28. Kf2 Nc7 29. Nd4 Rf4 30. Re4 e5 31. Nde2 Rxe4 32. Nxe4 Ke7 33. Ke3
Be6 34. Nd2 b6 35. Ke4 Kf6 36. f4 exf4 37. Nxf4 Bf7 38. h4 h6 39. Ne2 Be8 40.
Nf4 Bd7 41. Nf3 Ne8 42. Nd4 Nd6+ 43. Kd3 g5 44. hxg5+ Kxg5 45. Nfe2 c5 46. bxc5
bxc5 47. Nb3 Bf5+ 48. Ke3 Nxc4+ 49. Kf2 Nxa3 50. Nxc5 Nc4 51. Nb3 a5 52. Nc3
Bd7 53. Nd1 Bc6 54. Nc3 a4 55. Na1 a3 56. Ne2 Ne5 57. Nc2 Nc4 58. Na1 Bd5 59.
Nc3 Be6 60. Nb5 a2 61. Nc3 Nd2 62. Nc2 Bf5 63. Na1 Ne4+ 64. Nxe4+ Bxe4 65. Kg3
Bd5 66. Nc2 Kf5 67. Kh3 Ke4 68. g4 Bb3 69. Na1 Bd1 70. Kh4 Kd4 0-1

[Event "European Youth Chess Championship B16"]
[Site "Prague, Top Hotel Prague"]
[Date "2016.08.19"]
[Round "2.45"]
[White "Papp, Levente"]
[Black "Solc, Filip"]
[Result "1-0"]
[WhiteElo "2120"]
[BlackElo "1915"]
[PlyCount "59"]
[EventDate "2016.08.18"]

1. d4 Nf6 2. Bg5 d5 3. Nd2 g6 4. e3 Bg7 5. Bd3 O-O 6. Ngf3 Nbd7 7. O-O c5 8. c4
cxd4 9. exd4 dxc4 10. Bxc4 Nb6 11. Bb3 Nfd5 12. Re1 Re8 13. Nc4 Nxc4 14. Bxc4
Nb6 15. Bb3 Qd6 16. Qd2 e6 17. Re4 Bd7 18. Bf4 Qf8 19. Ne5 Rad8 20. Bg5 f6 21.
Nxd7 Rxd7 22. Rxe6 Nd5 23. Rxe8 Qxe8 24. Bh6 Kh8 25. Bxg7+ Kxg7 26. Ba4 Qd8 27.
Bxd7 Qxd7 28. Rc1 Qe6 29. Qc2 Nf4 30. Qc7+ 1-0

[Event "European Youth Chess Championship B16"]
[Site "Prague, Top Hotel Prague"]
[Date "2016.08.19"]
[Round "2.46"]
[White "Birkisson, Bjorn Holm"]
[Black "D`Avino, Gianfranco"]
[Result "1-0"]
[WhiteElo "1908"]
[BlackElo "2119"]
[PlyCount "73"]
[EventDate "2016.08.18"]

1. c4 e5 2. g3 d6 3. Bg2 Nc6 4. Nc3 Be6 5. d3 Qd7 6. e3 g6 7. Nd5 Bg7 8. Ne2
Nge7 9. Nec3 O-O 10. O-O Nd8 11. b4 c6 12. Nxe7+ Qxe7 13. Rb1 f5 14. Qb3 Rc8
15. a4 g5 16. f4 exf4 17. exf4 g4 18. Be3 h5 19. Rfe1 h4 20. d4 b5 21. axb5
cxb5 22. Nxb5 Bxc4 23. Bd5+ Bxd5 24. Qxd5+ Nf7 25. Ra1 Rc2 26. Rxa7 Qf6 27.
Rxf7 Qxf7 28. Qxf7+ Kxf7 29. Nxd6+ Ke6 30. Nb7 hxg3 31. hxg3 Ra8 32. Na5 Kd5
33. Bf2 Bxd4 34. Bxd4 Kxd4 35. Re5 Rd8 36. b5 Rd5 37. Nc6+ 1-0

[Event "European Youth Chess Championship B16"]
[Site "Prague, Top Hotel Prague"]
[Date "2016.08.19"]
[Round "2.47"]
[White "Liska, Jiri"]
[Black "Berntsen-Oybo, August"]
[Result "1/2-1/2"]
[WhiteElo "2116"]
[BlackElo "1899"]
[PlyCount "116"]
[EventDate "2016.08.18"]

1. Nf3 c5 2. c4 Nc6 3. Nc3 g6 4. e3 Bg7 5. d4 d6 6. d5 Ne5 7. Nxe5 Bxe5 8. Bd3
Bxc3+ 9. bxc3 Nf6 10. e4 Bd7 11. O-O Qc7 12. f4 O-O-O 13. Qe1 Nh5 14. Bd2 Kb8
15. Qh4 Rde8 16. Rae1 Ng7 17. f5 f6 18. Bh6 g5 19. Qf2 Reg8 20. h4 gxh4 21.
Qxh4 Qa5 22. e5 dxe5 23. Rxe5 fxe5 24. Qxe7 Nxf5 25. Bxf5 Bxf5 26. Bg7 Re8 27.
Qd6+ Qc7 28. Qxc7+ Kxc7 29. Bxh8 Bd3 30. Rf7+ Kc8 31. Bf6 Bxc4 32. Rxh7 Bxd5
33. a3 Re6 34. Bh4 Bc6 35. g4 Bd7 36. g5 Kc7 37. Kf2 Kc6 38. Ke3 Kd6 39. Ke4
Be8 40. Ke3 Kc6 41. Bg3 a6 42. Rh6 Kd5 43. Rh4 b5 44. Bf2 Bg6 45. a4 Bf5 46.
axb5 axb5 47. Ke2 Ra6 48. Be3 Ra4 49. Rh8 Ra2+ 50. Bd2 Ra4 51. Rb8 Ke4 52. Rxb5
Ra2 53. Rxc5 Bg4+ 54. Ke1 Kf3 55. Rxe5 Ra1+ 56. Bc1 Rxc1+ 57. Kd2 Kf4 58. Kxc1
Kxe5 1/2-1/2

[Event "European Youth Chess Championship B16"]
[Site "Prague, Top Hotel Prague"]
[Date "2016.08.19"]
[Round "2.48"]
[White "Burhanov, Vassily"]
[Black "Dill, Xaver"]
[Result "1-0"]
[WhiteElo "1888"]
[BlackElo "2110"]
[PlyCount "67"]
[EventDate "2016.08.18"]

1. e4 e5 2. Nf3 Nc6 3. Bc4 Bc5 4. d3 Nf6 5. Bg5 h6 6. Bh4 d6 7. c3 a6 8. Bb3 g5
9. Bg3 Ba7 10. h3 Ne7 11. Nbd2 Ng6 12. d4 Qe7 13. Qc2 Nh5 14. O-O-O Nhf4 15.
Bxf4 Nxf4 16. g3 Nxh3 17. Nc4 Qf6 18. Rd3 O-O 19. dxe5 dxe5 20. Nfxe5 b5 21.
Rf3 Qg7 22. Nxf7 Rxf7 23. Rxf7 Kxf7 24. Nd6+ Kf8 25. Nxc8 Nxf2 26. Nxa7 Nxh1
27. Nc6 Qf6 28. Qg2 Qxc6 29. Qf3+ Kg7 30. Qf7+ Kh8 31. Bd5 Qd6 32. Bxa8 Nxg3
33. Bd5 c6 34. Qg8# 1-0

[Event "European Youth Chess Championship B16"]
[Site "Prague, Top Hotel Prague"]
[Date "2016.08.19"]
[Round "2.49"]
[White "Abdulla, Murad"]
[Black "Mandic, Stefan"]
[Result "1-0"]
[WhiteElo "2103"]
[BlackElo "1868"]
[PlyCount "87"]
[EventDate "2016.08.18"]

1. e4 e5 2. Nf3 Nc6 3. Bb5 a6 4. Ba4 Nf6 5. d3 d6 6. c3 Be7 7. O-O b5 8. Bc2
Bb7 9. Re1 O-O 10. Nbd2 Re8 11. Nf1 Bf8 12. Ng3 g6 13. h3 Rc8 14. Bg5 Bg7 15.
Qd2 Qe7 16. a4 Nd8 17. d4 Ne6 18. Be3 exd4 19. cxd4 d5 20. e5 Nd7 21. axb5 axb5
22. Bd3 b4 23. Ra7 Rb8 24. Bb1 Bc6 25. Rc1 Ra8 26. Rxa8 Bxa8 27. Ng5 c5 28.
Nxe6 Qxe6 29. f4 cxd4 30. Bxd4 Bh6 31. Rd1 Nb6 32. f5 gxf5 33. Qf2 f4 34. Nh5
Nd7 35. Qh4 f5 36. Nf6+ Nxf6 37. exf6 Bf8 38. Qg5+ Kf7 39. Bxf5 Qe2 40. Bg4
Qxd1+ 41. Bxd1 Re1+ 42. Kf2 Re4 43. Qh5+ Ke6 44. Qe8+ 1-0

[Event "European Youth Chess Championship B16"]
[Site "Prague, Top Hotel Prague"]
[Date "2016.08.19"]
[Round "2.50"]
[White "Brejnik, Gustav"]
[Black "Lamblin, Jean"]
[Result "0-1"]
[WhiteElo "1868"]
[BlackElo "2090"]
[PlyCount "68"]
[EventDate "2016.08.18"]

1. d4 d5 2. c4 c6 3. Nf3 Nf6 4. Nc3 e6 5. cxd5 exd5 6. Bg5 Be7 7. Qc2 Nbd7 8.
e3 O-O 9. Bd3 Re8 10. O-O Nf8 11. Rab1 Ne4 12. Bxe7 Qxe7 13. b4 a6 14. a4 Bf5
15. Rfc1 Rac8 16. b5 Nxc3 17. Bxf5 Nxb1 18. Bxc8 Na3 19. Qf5 axb5 20. axb5 Nxb5
21. Qg4 h5 22. Qh3 g6 23. Ne5 Nd6 24. Bd7 Ra8 25. Kf1 f6 26. Bxc6 bxc6 27. Nxc6
Qc7 28. Rc5 Ne4 29. Rc2 Qb7 30. Ke2 Qb5+ 31. Kf3 Ng5+ 32. Kg3 Nxh3 33. Ne7+ Kf7
34. Rc7 Qb8 0-1

[Event "European Youth Chess Championship B16"]
[Site "Prague, Top Hotel Prague"]
[Date "2016.08.19"]
[Round "2.51"]
[White "Bryker, Oleksandr"]
[Black "Jelinek, Michal"]
[Result "1-0"]
[WhiteElo "1852"]
[BlackElo "2080"]
[PlyCount "103"]
[EventDate "2016.08.18"]

1. e4 e6 2. d4 d5 3. e5 c5 4. c3 Qb6 5. Nf3 Nc6 6. a3 Nh6 7. Bd3 Bd7 8. Bc2
cxd4 9. cxd4 Nf5 10. Bxf5 exf5 11. Nc3 Be6 12. O-O Be7 13. Na4 Qd8 14. b4 O-O
15. Be3 f6 16. exf6 Bxf6 17. Nc5 Qc8 18. Re1 Bf7 19. Rc1 b6 20. Nd3 Qd7 21.
Nfe5 Nxe5 22. Nxe5 Bxe5 23. dxe5 Qe6 24. f4 Rfc8 25. Qd2 Rc4 26. Rxc4 dxc4 27.
Rd1 Rc8 28. Qc3 Qc6 29. Bc1 Qe4 30. h3 Bd5 31. Rd2 Bb7 32. Bb2 Qxf4 33. e6 Qg5
34. g3 Bc6 35. Rf2 Be4 36. Rd2 Bc6 37. Rf2 Be4 38. Rd2 Qf6 39. Qxf6 gxf6 40.
Bxf6 c3 41. Rd7 Bd5 42. e7 Re8 43. Rxd5 c2 44. Bg5 Rxe7 45. Rxf5 Rg7 46. Bh6
c1=Q+ 47. Bxc1 Rxg3+ 48. Kh2 Rc3 49. Bh6 Rc2+ 50. Kg3 Rc8 51. Kf4 a5 52. b5 1-0

[Event "European Youth Chess Championship B16"]
[Site "Prague, Top Hotel Prague"]
[Date "2016.08.19"]
[Round "2.52"]
[White "Shafi, Declan"]
[Black "Bugar, Peter"]
[Result "1-0"]
[WhiteElo "2078"]
[BlackElo "1857"]
[PlyCount "75"]
[EventDate "2016.08.18"]

1. d4 Nf6 2. c4 c5 3. d5 e6 4. Nc3 exd5 5. cxd5 d6 6. Nf3 g6 7. Bf4 Bg7 8. Qa4+
Bd7 9. Qb3 Qc7 10. e4 O-O 11. Bd3 a6 12. a4 Re8 13. O-O Bc8 14. Nd2 Nbd7 15.
Nc4 Bf8 16. a5 Ng4 17. Be2 Nge5 18. Ne3 Rb8 19. Bg3 Nf6 20. f4 Neg4 21. Nxg4
Nxg4 22. h3 Nh6 23. Qa4 Bd7 24. Qc4 Bg7 25. Bd3 Qc8 26. Kh2 Kh8 27. Rae1 f6 28.
e5 fxe5 29. fxe5 Bxe5 30. Bxe5+ Rxe5 31. Rxe5 dxe5 32. Qh4 Nf5 33. Qf6+ Kg8 34.
g4 Nh6 35. Bxg6 Nxg4+ 36. hxg4 hxg6 37. Qxg6+ Kh8 38. Rf7 1-0

[Event "European Youth Chess Championship B16"]
[Site "Prague, Top Hotel Prague"]
[Date "2016.08.19"]
[Round "2.53"]
[White "Holton, Jake"]
[Black "De Bock, Thijs"]
[Result "1-0"]
[WhiteElo "1832"]
[BlackElo "2058"]
[PlyCount "97"]
[EventDate "2016.08.18"]

1. d4 Nf6 2. c4 g6 3. Nf3 Bg7 4. g3 O-O 5. Bg2 d6 6. O-O Nbd7 7. Nc3 e5 8. e4
exd4 9. Nxd4 Re8 10. Re1 a6 11. h3 Rb8 12. Be3 c5 13. Nde2 b5 14. Qxd6 bxc4 15.
Rab1 Bf8 16. Qd2 Bb7 17. Red1 Ne5 18. b3 Qxd2 19. Rxd2 cxb3 20. axb3 Nc6 21. f4
Nd4 22. e5 Bxg2 23. Kxg2 Nxb3 24. Rdb2 c4 25. Nd4 Bb4 26. Nd1 Nd5 27. Nxb3 cxb3
28. Rxb3 a5 29. Rd3 Red8 30. Bd4 Ne7 31. Nf2 Nf5 32. Ba7 Rxd3 33. Nxd3 Rd8 34.
Nxb4 axb4 35. Rxb4 Rd2+ 36. Bf2 h5 37. Rb8+ Kg7 38. Rb7 Kf8 39. g4 hxg4 40.
hxg4 Nh6 41. Kg3 Rd3+ 42. Kh4 Rf3 43. Bc5+ Kg8 44. Kg5 Kg7 45. e6 Rg3 46. Bd4+
Kh7 47. Rxf7+ Nxf7+ 48. exf7 Rg2 49. f8=Q 1-0

[Event "European Youth Chess Championship B16"]
[Site "Prague, Top Hotel Prague"]
[Date "2016.08.19"]
[Round "2.54"]
[White "Simet, Martin"]
[Black "Pasha, Tariq"]
[Result "1-0"]
[WhiteElo "2058"]
[BlackElo "1756"]
[PlyCount "96"]
[EventDate "2016.08.18"]

1. d4 d5 2. Nf3 Nf6 3. Bf4 c5 4. e3 e6 5. c3 Nc6 6. Bd3 Bd6 7. Bg3 Qe7 8. Nbd2
Bxg3 9. hxg3 e5 10. dxe5 Nxe5 11. Nxe5 Qxe5 12. Nf3 Qd6 13. Qc2 Bd7 14. O-O-O
O-O-O 15. Rd2 h6 16. Rhd1 Qc7 17. c4 Be6 18. Bf5 Kb8 19. Nh4 Rhe8 20. Bd3 g6
21. Nf3 dxc4 22. Bxc4 Bf5 23. Rxd8+ Rxd8 24. Rxd8+ Qxd8 25. Qc3 Ne4 26. Qe5+
Ka8 27. Qd5 Qxd5 28. Bxd5 Nxf2 29. Bxf7 Nh1 30. g4 Bxg4 31. Bxg6 h5 32. Kd2 h4
33. Nxh4 Ng3 34. Ke1 Nh5 35. Bf5 Bxf5 36. Nxf5 Nf6 37. Kf2 b5 38. Kf3 a5 39. g4
a4 40. g5 Ng8 41. Ke4 Kb7 42. Kd5 Kb6 43. b3 c4 44. bxc4 b4 45. c5+ Kb5 46.
Nd4+ Ka6 47. Kd6 b3 48. axb3 axb3 1-0

[Event "European Youth Chess Championship B16"]
[Site "Prague, Top Hotel Prague"]
[Date "2016.08.19"]
[Round "2.55"]
[White "Hakobyan, Hakob V"]
[Black "Landi, Alberto"]
[Result "1/2-1/2"]
[WhiteElo "1792"]
[BlackElo "2057"]
[PlyCount "56"]
[EventDate "2016.08.18"]

1. Nf3 Nf6 2. c4 g6 3. d4 Bg7 4. Nc3 O-O 5. e4 d6 6. Be2 e5 7. O-O Nc6 8. d5
Ne7 9. b4 Nh5 10. g3 f5 11. Ng5 Nf6 12. f3 h6 13. Ne6 Bxe6 14. dxe6 Nc6 15. c5
Nd4 16. Bc4 Kh7 17. exf5 gxf5 18. Be3 dxc5 19. bxc5 Qe7 20. Qd3 Qxc5 21. Qxf5+
Kh8 22. Qd3 Rad8 23. Kg2 Qe7 24. Rad1 Nxe6 25. Qg6 Qe8 26. Qxe8 Rfxe8 27. Rxd8
Nxd8 28. Nb5 c6 1/2-1/2

[Event "European Youth Chess Championship B16"]
[Site "Prague, Top Hotel Prague"]
[Date "2016.08.19"]
[Round "2.56"]
[White "Anaskin, Arsenij"]
[Black "Piskac, Marek"]
[Result "1/2-1/2"]
[WhiteElo "2054"]
[BlackElo "1711"]
[PlyCount "88"]
[EventDate "2016.08.18"]

1. e4 c5 2. Nc3 e6 3. Nf3 Nc6 4. d4 cxd4 5. Nxd4 a6 6. g3 Qc7 7. Bg2 Nf6 8.
Nde2 d6 9. a4 Be7 10. O-O O-O 11. h3 Rd8 12. Be3 b6 13. f4 Bb7 14. f5 Ne5 15.
fxe6 fxe6 16. Nf4 Bc8 17. Bf2 Rb8 18. Nce2 Nc6 19. Nc3 Bd7 20. Qe2 Nb4 21. Ra3
e5 22. Nd3 Nxd3 23. Qxd3 b5 24. Nd5 Nxd5 25. Qxd5+ Kh8 26. Rc3 Qb7 27. axb5
Qxd5 28. exd5 Bxb5 29. Ra1 Rdc8 30. Raa3 Bg5 31. Be4 g6 32. Kg2 Bd2 33. Rxc8+
Rxc8 34. b3 Bc3 35. Be3 Kg7 36. Bd3 Bxd3 37. cxd3 a5 38. Kf3 Bb4 39. Ra2 Rc3
40. Ke4 Rxb3 41. Bb6 Rb1 42. Bxa5 Bxa5 43. Rxa5 Rb4+ 44. Ke3 Rd4 1/2-1/2

[Event "European Youth Chess Championship B16"]
[Site "Prague, Top Hotel Prague"]
[Date "2016.08.19"]
[Round "2.57"]
[White "Hung, Do"]
[Black "Acs, Marton"]
[Result "0-1"]
[WhiteElo "1766"]
[BlackElo "2030"]
[PlyCount "86"]
[EventDate "2016.08.18"]

1. e4 e5 2. Nf3 Nc6 3. Bc4 Bc5 4. c3 Nf6 5. d3 a6 6. O-O Ba7 7. Nbd2 d6 8. h3
O-O 9. Re1 Na5 10. Bb3 Nxb3 11. Qxb3 b5 12. Nf1 Be6 13. Qc2 h6 14. Bd2 Nh5 15.
d4 Qf6 16. Rad1 Bxh3 17. gxh3 Qxf3 18. Re3 Qf6 19. Ng3 Nxg3 20. Rxg3 exd4 21.
cxd4 Bxd4 22. Bxh6 Bxf2+ 23. Qxf2 Qxh6 24. Rd5 Rae8 25. Qf3 Re5 26. Rxe5 dxe5
27. Qf5 Qf4 28. Qxf4 exf4 29. Rg4 Rd8 30. Rxf4 Rd4 31. Kg2 Rd2+ 32. Rf2 Rxf2+
33. Kxf2 c5 34. Ke3 f6 35. e5 Kf7 36. Ke4 Ke6 37. exf6 Kxf6 38. Kd5 c4 39. a3
Kg5 40. Kc5 Kh4 41. Kb6 Kxh3 42. Kxa6 g5 43. Kxb5 g4 0-1

[Event "European Youth Chess Championship B16"]
[Site "Prague, Top Hotel Prague"]
[Date "2016.08.19"]
[Round "2.58"]
[White "Vystrcil, Martin"]
[Black "Chajda, Patrik"]
[Result "0-1"]
[WhiteElo "2029"]
[BlackElo "1669"]
[PlyCount "60"]
[EventDate "2016.08.18"]

1. e4 e6 2. d4 d5 3. Nd2 Be7 4. Ngf3 Nf6 5. e5 Nfd7 6. c3 c5 7. Bd3 Nc6 8. O-O
g5 9. b3 cxd4 10. cxd4 Nf8 11. Bb2 Bd7 12. a3 a5 13. Qe2 Qb6 14. Rfc1 Ng6 15.
Bxg6 hxg6 16. g4 Na7 17. Qe3 Qd8 18. Kg2 a4 19. Bc3 Nc6 20. Rcb1 axb3 21. Rxb3
Na5 22. Bxa5 Qxa5 23. Rxb7 Bc6 24. Rb2 Qa7 25. Nxg5 Bxg5 26. Qxg5 Qxd4 27. Rab1
Kd7 28. Rb4 Rxh2+ 29. Kxh2 Qxf2+ 30. Kh1 Rh8+ 0-1

[Event "European Youth Chess Championship B16"]
[Site "Prague, Top Hotel Prague"]
[Date "2016.08.19"]
[Round "2.59"]
[White "Havelka, Ondrej"]
[Black "Temmerman, Sander"]
[Result "1-0"]
[WhiteElo "2025"]
[BlackElo "1659"]
[PlyCount "53"]
[EventDate "2016.08.18"]

1. d4 d5 2. c4 e6 3. Nc3 Nf6 4. Bg5 Nbd7 5. e3 Be7 6. Nf3 b6 7. Rc1 Bb7 8. cxd5
exd5 9. Qa4 c6 10. b4 a6 11. Bd3 O-O 12. O-O Bd6 13. Bf5 Qb8 14. Rfe1 h6 15.
Bh4 Re8 16. e4 dxe4 17. Nxe4 Be7 18. Bxd7 Nxd7 19. Bxe7 Rxe7 20. Nf6+ Nxf6 21.
Rxe7 b5 22. Qb3 Nd5 23. Rce1 Nxe7 24. Rxe7 Qf4 25. g3 Qf5 26. Ne5 Kh7 27. Rxb7
1-0

[Event "European Youth Chess Championship B16"]
[Site "Prague, Top Hotel Prague"]
[Date "2016.08.19"]
[Round "2.60"]
[White "Kildea, Robbie"]
[Black "Zizka, Petr"]
[Result "1-0"]
[WhiteElo "1626"]
[BlackElo "2010"]
[PlyCount "31"]
[EventDate "2016.08.18"]

1. e4 d6 2. d4 Nf6 3. Nc3 c6 4. Nf3 Bg4 5. Be2 Nbd7 6. Bf4 Qa5 7. Qd2 e5 8. Be3
Be7 9. h3 Bh5 10. g4 Bg6 11. g5 Nh5 12. O-O-O O-O-O 13. Kb1 a6 14. Nd5 Qxd2 15.
Nxe7+ Kc7 16. Nxd2 1-0

[Event "European Youth Chess Championship B16"]
[Site "Prague, Top Hotel Prague"]
[Date "2016.08.19"]
[Round "2.61"]
[White "Sramek, Vojtech"]
[Black "Havelka, Jonas"]
[Result "1-0"]
[WhiteElo "2005"]
[BlackElo "1624"]
[PlyCount "85"]
[EventDate "2016.08.18"]

1. e4 e5 2. Nf3 Nf6 3. Nxe5 d6 4. Nc4 Nxe4 5. Nc3 Nf6 6. d4 d5 7. Ne5 Bd6 8.
Bg5 c6 9. Bd3 Be6 10. O-O Nbd7 11. f4 Qb6 12. Nf3 Bg4 13. Re1+ Kf8 14. Na4 Qc7
15. h3 Bxf3 16. Qxf3 h6 17. Bxf6 Nxf6 18. g3 Qa5 19. Nc3 Bb4 20. Bf1 Ne4 21.
Re3 Bxc3 22. bxc3 g6 23. f5 Rg8 24. f6 Qc7 25. Bd3 Ng5 26. Qg4 Ne6 27. Rae1 Re8
28. Kg2 Qd6 29. c4 h5 30. Qe2 h4 31. Qg4 hxg3 32. Re5 g5 33. c5 Qd8 34. Rxe6
Rxe6 35. Rxe6 fxe6 36. Qxe6 Qe8 37. Qd6+ Kf7 38. Qxg3 Kxf6 39. c4 Qe6 40. Qf3+
Ke7 41. Bf5 Qf7 42. Qe3+ Kf6 43. Qe5# 1-0

[Event "European Youth Chess Championship B16"]
[Site "Prague, Top Hotel Prague"]
[Date "2016.08.19"]
[Round "2.62"]
[White "Mouthuy, Jacky-Long"]
[Black "Durbano, Gabriele"]
[Result "1-0"]
[WhiteElo "1564"]
[BlackElo "2002"]
[PlyCount "55"]
[EventDate "2016.08.18"]

1. e4 e6 2. d4 d5 3. exd5 exd5 4. Bd3 c5 5. c3 Nc6 6. Ne2 Nf6 7. O-O Be7 8. Be3
cxd4 9. Nxd4 Nxd4 10. Bxd4 O-O 11. Qb3 b6 12. Nd2 Be6 13. Nf3 h6 14. Rfe1 Rc8
15. h3 Ne4 16. Qa4 Nc5 17. Bxc5 bxc5 18. Qxa7 Ra8 19. Qb7 Rb8 20. Qc6 Rxb2 21.
Rxe6 c4 22. Bf5 fxe6 23. Qxe6+ Kh8 24. Ne5 Rf6 25. Ng6+ Rxg6 26. Qxg6 Qg8 27.
Re1 Rb7 28. Re6 1-0

[Event "European Youth Chess Championship B16"]
[Site "Prague, Top Hotel Prague"]
[Date "2016.08.19"]
[Round "2.63"]
[White "Pauwels, Xander"]
[Black "Nemec, Jakub"]
[Result "1-0"]
[WhiteElo "1996"]
[BlackElo "1563"]
[PlyCount "85"]
[EventDate "2016.08.18"]

1. d4 d5 2. Nf3 c6 3. g3 Bf5 4. Bg2 Nf6 5. O-O e6 6. c4 Bd6 7. Nc3 Nbd7 8. Nd2
O-O 9. a3 Bc7 10. cxd5 exd5 11. b4 Bb6 12. Nb3 Re8 13. b5 a6 14. bxc6 bxc6 15.
a4 Qe7 16. Ba3 Qe6 17. Rc1 Ne4 18. Nxe4 Bxe4 19. e3 Nf6 20. a5 Ba7 21. Qe2 Bxg2
22. Kxg2 Qe4+ 23. Kg1 Qg6 24. Rxc6 Reb8 25. Nc5 Bxc5 26. Bxc5 Rb1 27. Rxb1
Qxb1+ 28. Kg2 Qe4+ 29. f3 Qb1 30. Rb6 Qc1 31. Be7 Ne8 32. Bc5 Nf6 33. Rb3 h6
34. e4 dxe4 35. fxe4 Qa1 36. e5 Re8 37. Rf3 Nd5 38. Qf2 f6 39. Qc2 Qxa5 40. Qb3
Qd8 41. exf6 Re2+ 42. Kf1 Re3 43. Rxe3 1-0

[Event "European Youth Chess Championship B16"]
[Site "Prague, Top Hotel Prague"]
[Date "2016.08.19"]
[Round "2.64"]
[White "Stastny, Petr"]
[Black "Adar, Idan"]
[Result "0-1"]
[WhiteElo "1476"]
[BlackElo "1990"]
[PlyCount "64"]
[EventDate "2016.08.18"]

1. e4 e5 2. Nf3 Nc6 3. Bc4 Bc5 4. Nc3 Nf6 5. d3 h6 6. Be3 Bb6 7. Qe2 O-O 8. h3
Re8 9. g4 Nd4 10. Bxd4 exd4 11. Nd5 Nxd5 12. Bxd5 c6 13. Bb3 d5 14. O-O-O a5
15. a4 Qf6 16. Rdg1 Bc7 17. g5 hxg5 18. Kb1 Bf4 19. e5 Qd8 20. Rg2 Rb8 21. Nxd4
Bxe5 22. Nf3 Bf4 23. Qd1 b5 24. c3 Qb6 25. Qc2 Bf5 26. Nd4 bxa4 27. Nxf5 axb3
28. Qd1 Qb5 29. Rg4 Qa4 30. Rxf4 Qa2+ 31. Kc1 Qa1+ 32. Kd2 Qxb2+ 0-1

[Event "European Youth Chess Championship B16"]
[Site "Prague, Top Hotel Prague"]
[Date "2016.08.19"]
[Round "2.65"]
[White "Danek, Daniel"]
[Black "Bauer, Miroslav"]
[Result "1-0"]
[WhiteElo "1970"]
[BlackElo "1327"]
[PlyCount "41"]
[EventDate "2016.08.18"]

1. e4 c5 2. Nc3 Nc6 3. Bb5 d6 4. Bxc6+ bxc6 5. f4 Nf6 6. Nf3 Ba6 7. d3 e6 8.
O-O Be7 9. Qe1 Qb6 10. Qg3 g6 11. Kh1 Rd8 12. Qh3 Bc8 13. e5 Nd5 14. Ne4 Nb4
15. exd6 Bxd6 16. Nf6+ Kf8 17. Qh6+ Ke7 18. Qh4 Kf8 19. f5 h5 20. fxg6 fxg6 21.
Ne5 1-0

[Event "European Youth Chess Championship B16"]
[Site "Prague, Top Hotel Prague"]
[Date "2016.08.20"]
[Round "3.1"]
[White "Lobanov, Sergei"]
[Black "Mirzoyan, David"]
[Result "1/2-1/2"]
[WhiteElo "2450"]
[BlackElo "2294"]
[PlyCount "81"]
[EventDate "2016.08.18"]

1. e4 e5 2. Nf3 Nc6 3. Bb5 a6 4. Ba4 Nf6 5. O-O Be7 6. Re1 b5 7. Bb3 d6 8. a4
Bd7 9. c3 O-O 10. d4 h6 11. Nbd2 exd4 12. cxd4 Nb4 13. e5 Nfd5 14. Ne4 Be6 15.
Be3 Nxe3 16. Rxe3 Bxb3 17. Qxb3 dxe5 18. dxe5 c5 19. Rd1 Qb6 20. Nd6 Rad8 21.
axb5 axb5 22. Nf5 Qe6 23. Rxd8 Rxd8 24. Nxe7+ Qxe7 25. e6 fxe6 26. Rxe6 Qf7 27.
Ne5 Rd1+ 28. Qxd1 Qxe6 29. f4 Nd5 30. g3 c4 31. Qd2 Nf6 32. Qd8+ Kh7 33. Qf8
Qd5 34. Qb4 Qd4+ 35. Kg2 Qe4+ 36. Kf2 Qd4+ 37. Kf3 Qd1+ 38. Kf2 Qc2+ 39. Kf3
Qd1+ 40. Kf2 Qc2+ 41. Kf3 1/2-1/2

[Event "European Youth Chess Championship B16"]
[Site "Prague, Top Hotel Prague"]
[Date "2016.08.20"]
[Round "3.2"]
[White "Drori, Saar"]
[Black "Petrov, Martin"]
[Result "0-1"]
[WhiteElo "2290"]
[BlackElo "2446"]
[PlyCount "86"]
[EventDate "2016.08.18"]

1. d4 Nf6 2. c4 e6 3. Nf3 b6 4. a3 Bb7 5. Nc3 Ne4 6. Nxe4 Bxe4 7. Nd2 Bb7 8. e4
Qf6 9. e5 Qd8 10. Nf3 d6 11. Be3 Nd7 12. exd6 Bxd6 13. Be2 O-O 14. O-O c5 15.
h3 e5 16. dxc5 Nxc5 17. b4 Ne6 18. Rc1 Qe7 19. Qc2 Rac8 20. Qb2 e4 21. Nd4 Qf6
22. Qd2 Rfd8 23. Bg4 Be5 24. Bxe6 fxe6 25. Bg5 Qg6 26. Nc6 Bxc6 27. Bxd8 Qxg2+
28. Kxg2 e3+ 29. Qd5 exd5 30. Bg5 d4+ 31. Kg1 e2 32. Rfe1 d3 33. Bd2 Bd4 34.
Rb1 Bf3 35. b5 Rf8 36. h4 Bh5 37. Kg2 Bxf2 38. Rec1 Bg6 39. a4 Be4+ 40. Kh2 Bd4
41. a5 Rf2+ 42. Kg3 Rf3+ 43. Kh2 Be3 0-1

[Event "European Youth Chess Championship B16"]
[Site "Prague, Top Hotel Prague"]
[Date "2016.08.20"]
[Round "3.3"]
[White "Banzea, Alexandru-Bogdan"]
[Black "Sorokin, Aleksey"]
[Result "0-1"]
[WhiteElo "2287"]
[BlackElo "2425"]
[PlyCount "48"]
[EventDate "2016.08.18"]

1. e4 c5 2. Nf3 d6 3. d4 cxd4 4. Nxd4 Nf6 5. Nc3 a6 6. h3 e6 7. g4 Be7 8. g5
Nfd7 9. h4 b5 10. a3 Bb7 11. Be3 Nc6 12. Qd2 Rc8 13. O-O-O b4 14. axb4 Nxb4 15.
f3 Nc5 16. Kb1 Qa5 17. Nb3 Nxb3 18. cxb3 O-O 19. h5 d5 20. g6 dxe4 21. h6 fxg6
22. Bc4 Rxc4 23. bxc4 exf3 24. Qd4 Qf5+ 0-1

[Event "European Youth Chess Championship B16"]
[Site "Prague, Top Hotel Prague"]
[Date "2016.08.20"]
[Round "3.4"]
[White "Bronstein, Or"]
[Black "Hakobyan, Aram"]
[Result "1/2-1/2"]
[WhiteElo "2284"]
[BlackElo "2404"]
[PlyCount "61"]
[EventDate "2016.08.18"]

1. Nf3 e6 2. c4 Nf6 3. d4 b6 4. a3 Bb7 5. Nc3 d5 6. Bg5 Be7 7. Qa4+ Qd7 8. Qc2
h6 9. Bf4 dxc4 10. e4 b5 11. Ne5 Qd8 12. Nxb5 Bxe4 13. Qxc4 Nd5 14. f3 Bh7 15.
Rc1 Bd6 16. Nxd6+ cxd6 17. Qb5+ Nd7 18. Nxd7 Qxd7 19. Bxd6 a6 20. Qxd7+ Kxd7
21. Bg3 Rhc8 22. Rc5 Nb6 23. b3 Bc2 24. b4 Bb3 25. Bd3 Nc4 26. O-O Nxa3 27. Be4
Rxc5 28. dxc5 Bd5 29. Ra1 Bxe4 30. Rxa3 Bd5 31. Kf2 1/2-1/2